Countries with the Most Farmland - Statistics

General Stats
  • This quiz has been taken 111 times
  • The average score is 7 of 20
Answer Stats
Rank % of Land Area Answer % Correct
5 53 India
80%
3 56 Ukraine
78%
1 59 Bangladesh
60%
20 36 Poland
60%
13 40 Pakistan
52%
15 38 Romania
51%
7 49 Hungary
41%
2 58 Denmark
37%
16 38 Lithuania
36%
4 55 Moldova
35%
17 37 Nigeria
34%
11 41 Czechia
32%
6 49 Togo
21%
8 47 Burundi
18%
9 47 Rwanda
16%
10 44 Gambia
14%
12 40 Malawi
13%
14 39 Haiti
12%
19 36 El Salvador
11%
18 37 Mauritius
2%
No matching quizzes found
Score Distribution
Percent of People with Each Score
Percentile by Number Answered
Your Score History
You have not taken this quiz